[Event "Mittelfranken-chTB2b 1112"]
[Site "Germany"]
[Date "2011.12.11"]
[Round "4.6"]
[White "Leonhardt, Frank"]
[Black "Schuhmann, Benedict"]
[Result "1-0"]
[WhiteElo "1876"]
[BlackElo "1621"]
[PlyCount "53"]
[EventDate "2011.09.25"]
[EventType "team-tourn"]
[EventRounds "9"]
[EventCountry "GER"]
[SourceTitle "EXT 2013"]
[Source "ChessBase"]
[SourceDate "2012.11.22"]
[SourceVersion "1"]
[SourceVersionDate "2012.11.22"]
[SourceQuality "1"]
[WhiteTeam "Schwanstetten"]
[BlackTeam "Lauf II"]
[WhiteTeamCountry "GER"]
[BlackTeamCountry "GER"]

1. e4 c5 2. Nf3 Nc6 3. d4 cxd4 4. Nxd4 g6 5. c4 Bg7 6. Be3 Nf6 7. Nc3 0-0 8. Be2 b6 9. 0-0 Bb7 10. f3 d6 11. Rc1 Rc8 12. Qd2 Re8 13. Rfd1 Nd7 14. Nxc6 Bxc6 15. Bd4 Bb7 16. Bxg7 Kxg7 17. Nd5 f6 18. b3 a6 19. Qb2 Rb8 20. Rd2 Ne5 21. Rcd1 Bc6 22. Nb4 Bb7 23. Qd4 Nc6 24. Nxc6 Bxc6 25. a4 a5 26. f4 Qd7 27. e5 1-0

[Event "Mittelfranken-chTB2b 0910"]
[Site "Mittelfranken"]
[Date "2010.02.21"]
[Round "7.8"]
[White "Schuhmann, Benedict"]
[Black "Heinz, Manfred"]
[Result "1/2-1/2"]
[WhiteElo "1611"]
[BlackElo "1761"]
[PlyCount "57"]
[EventDate "2009.10.11"]
[EventType "team-tourn"]
[EventRounds "9"]
[EventCountry "GER"]
[SourceTitle "EXT 2011"]
[Source "ChessBase"]
[SourceDate "2010.11.26"]
[SourceVersion "1"]
[SourceVersionDate "2010.11.26"]
[SourceQuality "1"]
[WhiteTeam "Lauf II"]
[BlackTeam "Heilsbronn"]
[WhiteTeamCountry "GER"]
[BlackTeamCountry "GER"]

1. e4 g6 2. Nf3 Bg7 3. Nc3 d6 4. d4 Nf6 5. Be2 0-0 6. 0-0 Nc6 7. Re1 e5 8. dxe5 dxe5 9. Bg5 h6 10. Qxd8 Rxd8 11. Bxf6 Bxf6 12. Nd5 Rxd5 13. exd5 Nb4 14. Bd1 Bf5 15. c3 Nd3 16. Re2 Rd8 17. Bb3 Bg4 18. Rd2 e4 19. h3 Bc8 20. Nd4 Bh4 21. f3 Bg5 22. Re2 exf3 23. Nxf3 Bf6 24. Rd1 Nc5 25. Rde1 Kf8 26. Nd2 Bf5 27. Nf3 Nxb3 28. axb3 Rxd5 29. Rd2 1/2-1/2

[Event "Mittelfrankenliga-B2a 0607"]
[Site "Mittelfranken"]
[Date "2007.05.06"]
[Round "9.3"]
[White "Schloetterer, Hermann"]
[Black "Schuhmann, Benedict"]
[Result "1/2-1/2"]
[WhiteElo "1847"]
[BlackElo "1667"]
[PlyCount "36"]
[EventDate "2006.10.22"]
[EventType "team-tourn"]
[EventRounds "9"]
[EventCountry "GER"]
[SourceTitle "EXT 2011"]
[Source "ChessBase"]
[SourceDate "2010.11.26"]
[SourceVersion "1"]
[SourceVersionDate "2010.11.26"]
[SourceQuality "1"]
[WhiteTeam "Nuernberg NT IV"]
[BlackTeam "Lauf II"]
[WhiteTeamCountry "GER"]
[BlackTeamCountry "GER"]

1. d4 d5 2. g3 Nf6 3. Bg2 Bf5 4. Nf3 e6 5. 0-0 Bd6 6. c4 dxc4 7. Qa4+ c6 8. Qxc4 0-0 9. Nc3 Nbd7 10. Qb3 Qb6 11. Nd2 Qxb3 12. axb3 Bb4 13. e4 Bg6 14. Re1 c5 15. d5 exd5 16. exd5 Rfe8 17. Nf3 Rxe1+ 18. Nxe1 Re8 1/2-1/2

[Event "Mittelfrankenliga-B2a 0607"]
[Site "Mittelfranken"]
[Date "2007.02.11"]
[Round "6.3"]
[White "Brunner, Wolfgang"]
[Black "Schuhmann, Benedict"]
[Result "1-0"]
[WhiteElo "1877"]
[BlackElo "1667"]
[PlyCount "65"]
[EventDate "2006.10.22"]
[EventType "team-tourn"]
[EventRounds "9"]
[EventCountry "GER"]
[SourceTitle "EXT 2011"]
[Source "ChessBase"]
[SourceDate "2010.11.26"]
[SourceVersion "1"]
[SourceVersionDate "2010.11.26"]
[SourceQuality "1"]
[WhiteTeam "Neumarkt"]
[BlackTeam "Lauf II"]
[WhiteTeamCountry "GER"]
[BlackTeamCountry "GER"]

1. d4 d5 2. c4 c6 3. Nc3 e6 4. cxd5 exd5 5. Nf3 Nf6 6. Bg5 Bd6 7. e3 Bg4 8. Be2 Nbd7 9. 0-0 Qc7 10. h3 Bh5 11. Rc1 0-0 12. Nb5 Qb8 13. Nxd6 Qxd6 14. Bf4 Qe7 15. Qb3 Nb6 16. a4 Ne4 17. Rfe1 Bxf3 18. gxf3 Nd6 19. Kh2 Rac8 20. Rg1 Rfd8 21. Qc2 Nd7 22. Bd3 Nf8 23. Bg5 f6 24. Bh4 g6 25. Rg2 g5 26. Rcg1 Nf7 27. f4 h6 28. Bg6 Nxg6 29. Qxg6+ Kh8 30. fxg5 fxg5 31. Bg3 Rg8 32. Qf5 Nd6 33. Qe5+ 1-0

[Event "Mittelfrankenliga-B2a 0607"]
[Site "Mittelfranken"]
[Date "2007.01.14"]
[Round "4.3"]
[White "Schoemig, Anton"]
[Black "Schuhmann, Benedict"]
[Result "1-0"]
[WhiteElo "1894"]
[BlackElo "1667"]
[PlyCount "33"]
[EventDate "2006.10.22"]
[EventType "team-tourn"]
[EventRounds "9"]
[EventCountry "GER"]
[SourceTitle "EXT 2011"]
[Source "ChessBase"]
[SourceDate "2010.11.26"]
[SourceVersion "1"]
[SourceVersionDate "2010.11.26"]
[SourceQuality "1"]
[WhiteTeam "Altensittenbach II"]
[BlackTeam "Lauf II"]
[WhiteTeamCountry "GER"]
[BlackTeamCountry "GER"]

1. d4 d5 2. Nf3 Nf6 3. e3 e6 4. Bd3 Bd6 5. 0-0 0-0 6. Nbd2 Nbd7 7. e4 dxe4 8. Nxe4 Nxe4 9. Bxe4 Nf6 10. Bd3 c5 11. dxc5 Bxc5 12. Bg5 b6 13. Qe2 Be7 14. Bxf6 Bxf6 15. Qe4 g6 16. Qxa8 Bxb2 17. Rab1 1-0

[Event "Mittelfranken-ch QT 55th"]
[Site "Postbauer"]
[Date "2006.04.14"]
[Round "6"]
[White "Schuhmann, Benedict"]
[Black "Leuschner, Guenter"]
[Result "0-1"]
[WhiteElo "1457"]
[BlackElo "1861"]
[PlyCount "72"]
[EventDate "2006.04.12"]
[EventType "swiss"]
[EventRounds "7"]
[EventCountry "GER"]
[SourceTitle "EXT 2015"]
[Source "ChessBase"]
[SourceDate "2014.11.20"]
[SourceVersion "1"]
[SourceVersionDate "2014.11.20"]
[SourceQuality "1"]

1. e4 d5 2. exd5 Qxd5 3. Nc3 Qa5 4. d4 Nf6 5. Nf3 Bf5 6. Bd3 c6 7. Bf4 Bxd3 8. Qxd3 e6 9. 0-0 Be7 10. Be5 Nbd7 11. Rfe1 0-0 12. Ne4 h6 13. Nxf6+ Bxf6 14. Bxf6 Nxf6 15. Ne5 Rad8 16. c3 c5 17. b3 cxd4 18. cxd4 Rd5 19. Nf3 Rfd8 20. Qc2 Nh7 21. Rad1 Ng5 22. Nxg5 Rxg5 23. Qd2 Qd5 24. f3 e5 25. Qb4 Qxf3 26. g3 Rf5 27. Rf1 Qe3+ 28. Kg2 Rxf1 29. Rxf1 Qe4+ 30. Kh3 Rxd4 31. Qe7 Qg4+ 32. Kg2 Rd2+ 33. Rf2 Qe4+ 34. Kg1 Rd1+ 35. Rf1 Rxf1+ 36. Kxf1 Qf3+ 0-1